000 00479nam a2200181Ia 4500
001 18815
005 20260306171658.0
008 260306s9999||||xx |||||||||||||| ||und||
041 _aESP
082 _a658.5
_bL92
100 _aLong, Douglas
_eAUT
245 0 _aLogística internacional:
_badministración de la cadena de abastecimiento global
260 _c2013
300 _axxviii, 474 páginas :
_c23 cm.
650 _aGEN
654 _aCAN
942 _cLIB
_dJUS
_fJUS
_2ddc
_n
999 _c18815
_d18815